12 meses do ano - 15 segundos - Statistics

Estatísticas Gerais
  • Esse quiz foi jogado 646 vezes
  • A pontuação média é 8 de 12
Estatísticas das Respostas
Resposta % Correto
Janeiro
95%
Março
86%
Fevereiro
85%
Abril
82%
Maio
82%
Junho
79%
Julho
76%
Agosto
70%
Setembro
62%
Outubro
45%
Novembro
36%
Dezembro
34%
Nenhum quiz correspondente encontrado
Distribuição das Pontuações
Porcentagem de Pessoas com Cada Pontuação
Percentil de Números Respondidos
Sua Pontuação Histórica
Você não jogou esse quiz